000
00358nam a2200133Ia 4500
008
151001s9999||||xx |||||||||||||| ||und||
100
_a
सुरेंद्र कुमार सैनी
245
_a
एक सफर छोटासा
250
_a
1
260
_b
अभिव्यक्ती
260
_c
2009
300
_a
120
365
_b
21
999
_c
999266
_d
999263